Criptogamia

Saved in:
Bibliografiske detaljer
Hovedforfatter: Parra Leiva, Bernardo (autor)
Format: Bog
Sprog:spansk
Udgivet: Valparaíso Universidad Católica de Valparaíso 1990
Fag:
Tags: Tilføj Tag
Ingen Tags, Vær først til at tagge denne postø!

MARC

LEADER 00000nam a2200000 a 4500
001 UCY7556
003 CL-VaPUC
008 950614e19900000CL |||||||||||||||||spa|d
082 0 4 |a 586  |b PAR  |2 21 
100 |a Parra Leiva, Bernardo  |e autor  |9 535303 
245 1 0 |a Criptogamia 
300 |a 56 p 
942 |c BK 
945 |d 19950614 00:00:00  |a awong 
260 |a Valparaíso  |b Universidad Católica de Valparaíso  |c 1990 
650 0 |a Plantas acuáticas  |9 338099 
650 0 |a Hongos  |9 261629 
650 7 |a MICROORGANISMOS ACUATICOS  |2 CL-VaPUC  |9 338100 
583 |a last modification  |c 19950614 00:00:00  |k Rodrigo Vera 
999 |c 234899  |d 234897